| 000 | 01456nam0a2200289 i 4500 | ||
|---|---|---|---|
| 001 | RU\NLR\bibl\850704 | ||
| 005 | 20260405084514.0 | ||
| 021 |
_aRU _b2005-6236а _9250а |
||
| 035 | _a(NLR Aleph) 000839455 | ||
| 090 |
_a1411170 _c1411170 |
||
| 100 | _a20051010d2005 |||y0rusy50 ca | ||
| 101 | 0 | _arus | |
| 102 | _aRU | ||
| 105 | _ay dm ||||| | ||
| 200 | 1 |
_aФункциональный анализ фонемно-графемных соответствий в письменной речи детей _e(на метериале согласных) _eавтореф. дис. на соиск. учен. степ. к.филол.н. _eспец. 10.02.19 _fКузьмина Татьяна Витальевна _g[ГОУ ВПО "Рос. гос. пед. ун-т им. А. И. Герцена"] |
|
| 210 |
_aСанкт-Петербург _d2005 |
||
| 215 |
_a24 с. _d21 |
||
| 320 | _aБиблиогр.: с. 23-24 (10 назв.) | ||
| 686 |
_a10.02.19 _2oksvnk |
||
| 700 | 1 |
_4070 _7ca _8rus _aКузьмина _bТ. В. _cканд. филол. наук _f1953- _gТатьяна Витальевна _913746 _3RU\NLR\AUTH\7730728 |
|
| 801 | 0 |
_aRU _bNLR _c20051010 _grcr |
|
| 801 | 1 |
_aRU _bNLR _c20051010 |
|
| 942 | _cBOOK | ||
| 981 | 1 | 0 |
_a(10) Авторефераты _b(10) 10.00.00 Филологические науки _b10.02.00 Языкознание _b10.02.19 Теория языка |